Normal view MARC view

Entry Personal Name

Number of records used in: 2

001 - CONTROL NUMBER

  • control field: 74363

003 - CONTROL NUMBER IDENTIFIER

  • control field: dpl

005 - DATE AND TIME OF LATEST TRANSACTION

  • control field: 20241129124100.0

008 - FIXED-LENGTH DATA ELEMENTS

  • fixed length control field: 241129|| aca||aabn | a|a d

040 ## - CATALOGING SOURCE

  • Original cataloging agency: dpl
  • Transcribing agency: dpl

100 ## - HEADING--PERSONAL NAME

  • Personal name: गोस्वामी, अमर

670 ## - SOURCE DATA FOUND

  • Source citation: Work cat.: (dpl)207217: गोस्वामी, अमर , किस्सों का गुलदस्ता:, 2023

© Delhi Public Library
Hit Counter
free hit counter